000 00476nam a22001817a 4500
005 20140826124507.0
010 _aENG-110608
020 _a9788184302523
_c300.00
035 _aEN-94140
037 _bDBAD/PUB
082 _aS
100 _aRaghuraman, N.
245 _aOrdinarily extraordinary /
_cby N. Raghuraman
260 _aNew Delhi
_bOcean Books
_c2013
270 _a4/19 Asaf Ali Road
_bNew Delhi
_e110002
300 _a232p.
_c22cm(Hb)
942 _2ddc
_cEN
_mRAG
_hS
999 _c87625
_d87625